000 01254nam a2200289 4500
003 EC-UNACH
006 s||||gr|||| 00| 00
008 150116t9999 mx r gr 000 0 spa d
020 _a978-968-24-4794-5
040 _aEC-UNACH
_cEC-UNACH
041 _aspa
082 0 4 _223
_a658.3
_bL017438
100 _aGuth, Aguirre
245 _aReclutamiento, selección e integración de Recursos Humanos
250 _aPrimera Edición
_b( Reimpresión)
264 _aMexico
_bTrillas
_c2008
300 _a149 paginas
_bTablas
_c23 cm.
500 _aLa edad productiva de las personas representa por lo general un tercio de su vida. De ahí que el trabajo idóneo para el ser humano deberá ser aquel que responda satisfactoriamente
505 _aEl sistema de reclutamiento, selección e integración de recursos humanos.- Reclutamiento.- Selección.- Pruebas ocupacionales y psicométricas.- Entrevista de empleo.- Integración de Recursos Humanos.- Casos especiales de reclutamiento y selección.- Pruebas psicométricas
650 _aENTREVISTA
650 _aAMBITO LABORAL
650 _aRECLUTAMIENTO
942 _2ddc
_c1
999 _c14454